काव्य जिज्ञासा तथा अन्य कविताऍ / (Record no. 113153)

MARC details
000 -LEADER
fixed length control field 01084nam a22002537a 4500
005 - DATE AND TIME OF LATEST TRANSACTION
control field 20170124102949.0
010 ## - LIBRARY OF CONGRESS CONTROL NUMBER
LC control number A-665737
020 ## - INTERNATIONAL STANDARD BOOK NUMBER
Terms of availability 70.00
International Standard Book Number 8171460119
035 ## - SYSTEM CONTROL NUMBER
System control number A-665737
037 ## - SOURCE OF ACQUISITION
Source of stock number/acquisition Cen Lib/Ret
040 ## - CATALOGING SOURCE
Original cataloging agency DPL
Language of cataloging HN
082 ## - DEWEY DECIMAL CLASSIFICATION NUMBER
Classification number 821
Item number मुखोपा
100 ## - MAIN ENTRY--PERSONAL NAME
Personal name मुखोपाध्याय, सुभाष
9 (RLIN) 9382
245 ## - TITLE STATEMENT
Title काव्य जिज्ञासा तथा अन्य कविताऍ /
Statement of responsibility, etc सुभाष मुखोपाध्याय
246 ## - VARYING FORM OF TITLE
Title proper/short title Kavya Jigyasa taha anya kavitaien /
Remainder of title by Subash Mukhopadhyay
260 ## - PUBLICATION, DISTRIBUTION, ETC. (IMPRINT)
Place of publication, distribution, etc दिल्ली
Name of publisher, distributor, etc अरुण प्रकाशन
Date of publication, distribution, etc 1993
270 ## - ADDRESS
Address ए-47 अमर कालोनी, लाजपत नगर
City दिल्ली
Postal code 110032
300 ## - PHYSICAL DESCRIPTION
Extent 106पृ.
Dimensions 21सेमी (सजिल्द)
650 ## - SUBJECT ADDED ENTRY--TOPICAL TERM
Topical term or geographic name as entry element हिंदी साहित्य
9 (RLIN) 50885
650 ## - SUBJECT ADDED ENTRY--TOPICAL TERM
Topical term or geographic name as entry element हिंदी--काव्य
9 (RLIN) 50886
650 ## - SUBJECT ADDED ENTRY--TOPICAL TERM
Topical term or geographic name as entry element Hindi literature
9 (RLIN) 50887
650 ## - SUBJECT ADDED ENTRY--TOPICAL TERM
Topical term or geographic name as entry element Hindi--Poetry
9 (RLIN) 50888
942 ## - ADDED ENTRY ELEMENTS (KOHA)
Source of classification or shelving scheme Dewey Decimal Classification
Koha item type Hindi Books
Classification part 821
Call number suffix मुखोपा
Holdings
Withdrawn status Lost status Damaged status Not for loan Home library Current library Date acquired Source of acquisition Cost, normal purchase price Total Checkouts Full call number Barcode Date last seen Copy number Cost, replacement price Price effective from Koha item type
        Central Library Central Library 11/08/2015 Cen Lib/Ret 70.00   821 मुखोपा A-665737 11/08/2015 1 70.00 11/08/2015 Hindi Books

© Delhi Public Library
Hit Counter
free hit counter